[Event "Scandinavian open 2008"]
[Site "Valby"]
[Date "2008.04.05"]
[Round "10"]
[White "Thorgeirsson, Sverrir"]
[Black "Danielsen, Henrik"]
[Result "0-1"]
[WhiteElo "2120"]
[BlackElo "2506"]
[PlyCount "66"]
[EventDate "2008.03.29"]


1. e4 g6 2. d4 Bg7 3. Nf3 d6 4. c3 Nf6 5. Bd3 O-O 6. O-O Nc6 7. h3 h6 8. Be3 e5
9. Nbd2 Nh5 10. Re1 Qf6 11. d5 Ne7 12. Qc2 g5 13. c4 Ng6 14. c5 Nhf4 15. Bf1 h5
16. Nh2 g4 17. hxg4 hxg4 18. g3 Nh3+ 19. Bxh3 gxh3 20. f3 Nf4 21. Kf2 Qg6 22.
Rg1 Nxd5 23. Nc4 Nxe3 24. Nxe3 f5 25. exf5 Bxf5 26. Nxf5 Rxf5 27. Qe4 Raf8 28.
Qxb7 e4 29. Rgf1 Bd4+ 30. Ke2 exf3+ 31. Nxf3 Re5+ 32. Nxe5 Qc2+ 33. Ke1 Rxf1+
0-1

[Event "Scandinavian open 2008"]
[Site "Valby"]
[Date "2008.04.06"]
[Round "11"]
[White "Brynell, Stellan"]
[Black "Smith, Axel"]
[Result "1-0"]
[WhiteElo "2463"]
[BlackElo "2458"]
[PlyCount "59"]
[EventDate "2008.03.29"]


1. d4 d5 2. c4 c6 3. Nc3 e6 4. Nf3 dxc4 5. e3 b5 6. a4 Bb4 7. Bd2 a5 8. axb5
Bxc3 9. Bxc3 cxb5 10. b3 Bb7 11. d5 Nf6 12. bxc4 b4 13. Bxf6 Qxf6 14. Qa4+ Nd7
15. Nd4 e5 16. Nb3 Ke7 17. Be2 Qb6 18. Bg4 Bc8 19. Nxa5 Nc5 20. Nc6+ Qxc6 21.
Qxc6 Rxa1+ 22. Bd1 Nd3+ 23. Kd2 Ra2+ 24. Kxd3 Bf5+ 25. e4 Rha8 26. exf5 R8a3+
27. Ke4 f6 28. d6+ Kf7 29. Qd7+ Kg8 30. Qe8# 1-0

[Event "Scandinavian open 2008"]
[Site "Valby"]
[Date "2008.04.06"]
[Round "11"]
[White "Danielsen, Henrik"]
[Black "Hoi, Carsten"]
[Result "1-0"]
[WhiteElo "2506"]
[BlackElo "2404"]
[PlyCount "121"]
[EventDate "2008.03.29"]


1. g3 Nf6 2. Bg2 g6 3. c4 Bg7 4. Nc3 O-O 5. d4 d6 6. Nf3 Nc6 7. O-O Bg4 8. d5
Na5 9. b3 c5 10. Bb2 a6 11. Nd2 Qd7 12. Rb1 Rab8 13. Qc2 Bf5 14. e4 Bh3 15. Nd1
Bxg2 16. Kxg2 e5 17. Bc3 b6 18. Ne3 h5 19. f4 Nh7 20. Rbe1 Nb7 21. Nf3 Rbe8 22.
h3 Kh8 23. Qb2 Qe7 24. Re2 b5 25. Qa1 b4 26. Bb2 Rg8 27. fxe5 dxe5 28. Nd1 Nd6
29. Nf2 Nf8 30. Nd3 Nd7 31. Qc1 f6 32. Qe3 Rc8 33. g4 Kh7 34. Bc1 Nf7 35. Qf2
Bh6 36. Qh4 Bxc1 37. Nxc1 Kg7 38. gxh5 Rh8 39. Qg4 Rxh5 40. h4 Nd6 41. Nd3 a5
42. Kg1 Rh6 43. Rg2 a4 44. Nf2 Kh8 45. Re1 a3 46. Rh2 f5 47. Qg2 Nf7 48. Kh1
Nf6 49. Ng5 f4 50. Ng4 Nxg4 51. Qxg4 Rg8 52. d6 Qf6 53. Rd1 Nxg5 54. hxg5 Rxh2+
55. Kxh2 Qf7 56. Kg2 Rd8 57. Rd5 Kg7 58. Qh3 Kg8 59. Rxc5 f3+ 60. Kf2 Qf4 61.
Qe6+ 1-0

[Event "Scandinavian open 2008"]
[Site "Valby"]
[Date "2008.04.06"]
[Round "11"]
[White "Semcesen, Daniel"]
[Black "Bejtovic, Jasmin"]
[Result "1-0"]
[WhiteElo "2349"]
[BlackElo "2353"]
[PlyCount "119"]
[EventDate "2008.03.29"]


1. d4 Nf6 2. Nf3 g6 3. c4 Bg7 4. Nc3 O-O 5. e4 d6 6. h3 e5 7. d5 Na6 8. Bg5 Qe8
9. g4 Nd7 10. Rg1 Kh8 11. Nd2 Ndc5 12. a3 f5 13. gxf5 gxf5 14. b4 Nxe4 15.
Ndxe4 fxe4 16. Be3 Bf5 17. Qc2 Nb8 18. Bg2 a5 19. b5 Nd7 20. Bxe4 Qh5 21. Bxf5
Rxf5 22. Ne4 Rf4 23. Kd2 Raf8 24. Bxf4 exf4 25. Rg5 Qf7 26. Rag1 Bh6 27. Qc3+
Ne5 28. Rxe5 dxe5 29. Qxe5+ Bg7 30. Qe6 Qxe6 31. dxe6 Re8 32. Ng5 h6 33. Nf7+
Kh7 34. Re1 Kg6 35. Kd3 Bf8 36. a4 b6 37. Ne5+ Kf5 38. Nc6 Bc5 39. Re5+ Kf6 40.
e7 Bxf2 41. Ke4 Be3 42. Rf5+ Kg7 43. Ke5 Bc5 44. Ke6 Kg6 45. Rxf4 Kg5 46. Re4
h5 47. Kf7 Kf5 48. Re5+ Kf4 49. Kxe8 Bxe7 50. Rxe7 h4 51. Rxc7 Ke3 52. c5 Kd3
53. cxb6 Ke4 54. b7 Kd5 55. Nxa5 Kd4 56. b8=Q Ke4 57. Rc4+ Kd5 58. Qd8+ Ke5 59.
Qg5+ Kd6 60. Rc6# 1-0

[Event "Scandinavian open 2008"]
[Site "Valby"]
[Date "2008.04.06"]
[Round "11"]
[White "Vaznonis, Vytautas"]
[Black "Thorgeirsson, Sverrir"]
[Result "1-0"]
[WhiteElo "2399"]
[BlackElo "2120"]
[PlyCount "53"]
[EventDate "2008.03.29"]


1. d4 c5 2. d5 f5 3. Nc3 Nf6 4. Nh3 g6 5. Nf4 Bg7 6. h4 e5 7. dxe6 dxe6 8.
Qxd8+ Kxd8 9. h5 e5 10. h6 Bf8 11. Nfd5 Nxd5 12. Nxd5 Be7 13. Nxe7 Kxe7 14.
Bg5+ Kf7 15. e4 Nc6 16. O-O-O Ne7 17. Bc4+ Be6 18. Rd7 Rhe8 19. Bxe6+ Kxe6 20.
Rhd1 Rab8 21. R1d6+ Kf7 22. Rf6+ Kg8 23. Re6 Nc6 24. Rg7+ Kh8 25. Rxe8+ Rxe8
26. Bf6 Rf8 27. Rxg6+ 1-0